000 00496nam a2200193 a 4500
005 20140412111234.0
008 000829s19uu xx 00 eng d
020 _a0-7496-0853-6
050 _aREF 030
_bFi44Mo 1992
100 _aLye, Keith
245 _aFirst starts :
_cJoy Palmer.
_bmountains /
260 _aLondon :
_bWatts Books,
_c1992.
300 _a32 p.
440 _aFirst Starts
500 _aIncludes index
650 _aSciences
650 _aEarth sciences
999 _c102361
_d102361